ბათუმის შოთა რუსთაველის სახელმწიფო უნივერსიტეტის ბიბლიოთეკა

ელექტრონული ციფრული მანქანების არითმეტიკული საფუძვლები : (ბიბ.ჩანაწერი № 40021)

000 -ლიდერი
ფიქსირებული სიგრძის საკონტროლო ველი 01081nam a2200217Ia 4500
001 - საკონტროლო ნომერი
საკონტროლო ველი 6627
003 - საკონტროლო ნომრის იდენტიფიკატორი
საკონტროლო ველი GE_BSU
005 - ბოლო ოპერაციის თარიღი და დრო
საკონტროლო ველი 20190516184427.0
008 - ფიქსირებული სიგრძის მონაცემთა ელემენტები - ზოგადი ინფორმაცია
ფიქსირებული სიგრძის საკონტროლო ველი 181216s1982||||ge |||||||||||||| ||geo||
040 ## - კატალოგიზაციის წყარო
Transcribing agency GE_BSU
041 ## - ენის კოდი
Language code of text/sound track or separate title geo
080 ## - უნივერსალური ათობითი კლასიფიკაციის ინდექსი
Universal Decimal Classification number 004.383(075.8) მ-23
100 ## - მთავარი ჩანაწერი - პიროვნების სახელი
Personal name მამარდაშვილი, გრ.
9 (RLIN) 1116
245 ## - ცნობა სათაურის შესახებ
Title ელექტრონული ციფრული მანქანების არითმეტიკული საფუძვლები :
Remainder of title დამხმ. სახელმძღვ. /
Statement of responsibility, etc გრ. მამარდაშვილი ; რედ. ი. გოგუაძე.
264 ## - წარმოების, გამოცემის, დისტრიბუციის და სხვა ცნობები
გამოცემის, წარმოების, დისტრიბუციის... ადგილი თბილისი :
გამოცემის, წარმოების, დისტრიბუციის... სახელწოდება განათლება,
გამოცემის, წარმოების, დისტრიბუციის... თარიღი 1982.
300 ## - ფიზიკური აღწერა
Extent 208 გვ. ;
Dimensions 20 სმ.
504 ## - BIBLIOGRAPHY, ETC. NOTE
Bibliography, etc ბიბლიოგრ. : გვ.206.
653 ## - INDEX TERM--UNCONTROLLED
Uncontrolled term ელექტრონული ციფრული მანქანების არითმეტიკული საფუძვლები
700 ## - ADDED ENTRY--PERSONAL NAME
Personal name გოგუაძე, ი.
Relator term რედაქტორი
9 (RLIN) 498
942 ## - ADDED ENTRY ELEMENTS (KOHA)
Koha item type წიგნი
Source of classification or shelving scheme
ეგზემპლარები
ჩამოწერის სტატუსი დაკარგული ეგზემპლარის სტატუსი კლასიფიკაციის წყარო ან თაროზე გაწყობის სქემა დაზიანების სტატუსი არ გაიცემა მუდმივი მდებარეობა (დაცვის ადგილი) ამჟამინდელი ადგილსამყოფელი თაროზე განთავსების ადგილი შეძენის თარიღი ღირებულება, შესყიდვის ნორმალური ფასი სრული შენახვის შიფრი შტრიხკოდი ბოლო ოპერაციის თარიღი ეგზემპლარის მიმდევრობითი ნომერი (კეტერი?) ფასის ძალაში შესვლის თარიღი ეგზემპლარის სახეობა საჯარო შენიშვნა
          ტექნოლოგიური ფაკულტეტის ბიბლიოთეკა ტექნოლოგიური ფაკულტეტის ბიბლიოთეკა წიგნსაცავი 2018-12-17 0.90 004.383(075.8) მ-23 11834 2018-12-17 11834 2018-12-17 წიგნი 0.90 ლ.
          ტექნოლოგიური ფაკულტეტის ბიბლიოთეკა ტექნოლოგიური ფაკულტეტის ბიბლიოთეკა წიგნსაცავი 2018-12-17 0.90 004.383(075.8) მ-23 11835 2018-12-17 11835 2018-12-17 წიგნი 0.90 ლ.
          ტექნოლოგიური ფაკულტეტის ბიბლიოთეკა ტექნოლოგიური ფაკულტეტის ბიბლიოთეკა წიგნსაცავი 2018-12-17 0.90 004.383(075.8) მ-23 11836 2018-12-17 11836 2018-12-17 წიგნი 0.90 ლ.
          ტექნოლოგიური ფაკულტეტის ბიბლიოთეკა ტექნოლოგიური ფაკულტეტის ბიბლიოთეკა წიგნსაცავი 2018-12-17 0.90 004.383(075.8) მ-23 11897 2018-12-17 11897 2018-12-17 წიგნი 0.90 ლ.
          ტექნოლოგიური ფაკულტეტის ბიბლიოთეკა ტექნოლოგიური ფაკულტეტის ბიბლიოთეკა წიგნსაცავი 2018-12-17 0.20 004.383(075.8) მ-23 11898 2018-12-17 11898 2018-12-17 წიგნი 0.90 ლ.
          ტექნოლოგიური ფაკულტეტის ბიბლიოთეკა ტექნოლოგიური ფაკულტეტის ბიბლიოთეკა წიგნის კალათა 2018-12-17 0.90 004.383(075.8) მ-23 11896 2018-12-17 11896 2018-12-17 წიგნი 0.90 ლ.